A family affair. (Запис № 495176)

МАРК-запис
000 -LEADER
fixed length control field 01184cam a22002891 4500
001 - CONTROL NUMBER
control field familyaffair00eddy
003 - CONTROL NUMBER IDENTIFIER
control field CaSfIA
005 - DATE AND TIME OF LATEST TRANSACTION
control field 20210118082512.0
007 - PHYSICAL DESCRIPTION FIXED FIELD--GENERAL INFORMATION
fixed length control field cr||||
008 - FIXED-LENGTH DATA ELEMENTS--GENERAL INFORMATION
fixed length control field 711203s1958 nyu 000 1 eng
010 ## - LIBRARY OF CONGRESS CONTROL NUMBER
LC control number 57010856
040 ## - CATALOGING SOURCE
Original cataloging agency DLC
Transcribing agency YNG
Modifying agency DLC
-- BTCTA
-- OCLCG
-- CUI
-- CaSfIA
035 ## - SYSTEM CONTROL NUMBER
System control number (OCoLC)178686
050 00 - LIBRARY OF CONGRESS CALL NUMBER
Classification number PZ3.E2113
Item number Fam
050 14 - LIBRARY OF CONGRESS CALL NUMBER
Classification number PS3509.D396
Item number F3 1958
082 #4 - DEWEY DECIMAL CLASSIFICATION NUMBER
Classification number 813.54
029 1# - (OCLC)
OCLC library identifier AU@
System control number 000001533556
100 1# - MAIN ENTRY--PERSONAL NAME
Personal name Eddy, Roger
Fuller form of name (Roger W.)
245 12 - TITLE STATEMENT
Title A family affair.
Medium [electronic resource]
260 ## - PUBLICATION, DISTRIBUTION, ETC. (IMPRINT)
Place of publication, distribution, etc New York,
Name of publisher, distributor, etc Crowell
Date of publication, distribution, etc [c1958]
300 ## - PHYSICAL DESCRIPTION
Extent 314 p.
Dimensions 22 cm.
506 ## - RESTRICTIONS ON ACCESS NOTE
Standardized terminology for access restriction Необхідна авторизація на https://archive.org/ (створення облікового запису безкоштовно)
506 ## - RESTRICTIONS ON ACCESS NOTE
Standardized terminology for access restriction Необхідна авторизація на https://openlibrary.org/ (створення облікового запису безкоштовно)
856 41 - ELECTRONIC LOCATION AND ACCESS
Uniform Resource Identifier <a href="http://www.archive.org/details/familyaffair00eddy">http://www.archive.org/details/familyaffair00eddy</a>
Public note Free eBook from the Internet Archive
856 42 - ELECTRONIC LOCATION AND ACCESS
Uniform Resource Identifier <a href="http://www.openlibrary.org/books/OL6224844M">http://www.openlibrary.org/books/OL6224844M</a>
Public note Additional information and access via Open Library
942 ## - ADDED ENTRY ELEMENTS (KOHA)
Koha item type ЕКнига

Немає доступних примірників.